000 01194nam a2200313 a 4500
001 BRL_1492
005 20190320211232.0
008 270114s1985----mx-abo####---#000-0#spa-#
020 _a9686670211
041 _aspa
044 _amx
050 4 _aF1219.1.M55
_b.G37 1985
100 1 _aGarcía Canclini, Néstor
_9474
245 1 0 _aNotas sobre las máscaras, danzas y fiestas de Michoacán
_cNéstor García Canclini [y] Amparo Sevilla Villalobos ; fotos Lourdes Grobet.
260 _aMéxico
_bComite Editorial del Gobierno de Michoacán
_c1985
300 _a77 p.
_bil., fotografías, mapas
_c18 cm.
500 _aAu1727
504 _aBibliografía: p. 77
650 1 4 _aIndígenas de México
_xVida social y costumbres
_zMichoacán
_927084
650 1 4 _aIndígenas de México
_xDanzas
_zMichoacán
_927085
650 1 4 _aIndígenas de México
_xFestivales
_zMichoacán
_927086
650 1 4 _aIndígenas de México
_xMáscaras
_zMichoacán
_927087
651 4 _aMichoacán
_xVida social y costumbres
_927088
700 1 _aSevilla Villalobos, Amparo
_927089
700 1 _aGrobet, Lourdes
_eil.
_95588
740 0 _aMáscaras, danzas y fiestas de Michoacán
902 _aGRL
942 _2lcc
_cB
999 _c10302
_d10302